000 00434pab a2200169 454500
008 180718b2007 xxu||||| |||| 00| 0 eng d
100 _aGottlob, Michael
245 _aIndia's unity in diversity as a question of historical perspective
260 _c2007
300 _ap.779-89.
362 _a3 Mar
650 _aIndia - History
650 _aHistory
773 _aEconomic and Political Weekly
908 _aN
909 _a73397
999 _c73397
_d73397